Migración, fronteras e identidades étnicas transnacionales /
Sábháilte in:
| Príomhchruthaitheoir: | |
|---|---|
| Rannpháirtithe: | |
| Formáid: | Téacs |
| Foilsithe / Cruthaithe: |
Tijuana:
El Colegio de la Frontera Norte. Porrúa
|
| Ábhair: | |
| Clibeanna: |
Cuir clib leis
Níl clibeanna ann, Bí ar an gcéad duine le clib a chur leis an taifead seo!
|
MARC
| LEADER | 00000 a a2200000 04500 | ||
|---|---|---|---|
| 001 | 39646 | ||
| 003 | |||
| 040 | |||
| 020 | |a 978-968-7947-57-0 |a 978-970-819-117-3 | ||
| 090 | |a 1001 V433m | ||
| 100 | |a Velasco Ortiz, Laura | ||
| 245 | |a Migración, fronteras e identidades étnicas transnacionales / |c Laura Velasco Ortiz | ||
| 260 | |a Tijuana: |b El Colegio de la Frontera Norte. Porrúa | ||
| 300 | |a 339 p. | ||
| 650 | |a MEXICANOS | ||
| 650 | |a MIGRACION | ||
| 650 | |a POBLACION INDIGENA | ||
| 650 | |a ESTADOS UNIDOS | ||
| 650 | |a IDENTIDAD CULTURAL | ||
| 700 | |a coord. | ||
| 999 | |c 14699 |d 14699 | ||



